<?xml version="1.0" encoding="UTF-8"?><?xml-stylesheet type="text/xsl" href="static/style.xsl"?><OAI-PMH xmlns="http://www.openarchives.org/OAI/2.0/" xmlns:xsi="http://www.w3.org/2001/XMLSchema-instance" xsi:schemaLocation="http://www.openarchives.org/OAI/2.0/ http://www.openarchives.org/OAI/2.0/OAI-PMH.xsd"><responseDate>2026-04-13T13:28:26Z</responseDate><request verb="GetRecord" identifier="oai:www.recercat.cat:2099/14489" metadataPrefix="marc">https://recercat.cat/oai/request</request><GetRecord><record><header><identifier>oai:recercat.cat:2099/14489</identifier><datestamp>2026-01-17T01:13:40Z</datestamp><setSpec>com_2072_1033</setSpec><setSpec>col_2072_452949</setSpec></header><metadata><record xmlns="http://www.loc.gov/MARC21/slim" xmlns:dcterms="http://purl.org/dc/terms/" xmlns:xsi="http://www.w3.org/2001/XMLSchema-instance" xmlns:doc="http://www.lyncode.com/xoai" xsi:schemaLocation="http://www.loc.gov/MARC21/slim http://www.loc.gov/standards/marcxml/schema/MARC21slim.xsd">
   <leader>00925njm 22002777a 4500</leader>
   <datafield ind2=" " ind1=" " tag="042">
      <subfield code="a">dc</subfield>
   </datafield>
   <datafield ind2=" " ind1=" " tag="720">
      <subfield code="a">Orduña Gañán, María Ángeles</subfield>
      <subfield code="e">author</subfield>
   </datafield>
   <datafield ind2=" " ind1=" " tag="720">
      <subfield code="a">Caz Enjuto, María del Rosario del</subfield>
      <subfield code="e">author</subfield>
   </datafield>
   <datafield ind2=" " ind1=" " tag="260">
      <subfield code="c">2013-06</subfield>
   </datafield>
   <datafield ind2=" " ind1=" " tag="520">
      <subfield code="a">El objetivo de esta investigación es la elaboración de una matriz de indicadores y criterios de sostenibilidad&#xd;
social, ambiental y económica, aplicable tanto a la evaluación de proyectos de regeneración urbana ya&#xd;
realizados como a la intervención en futuros proyectos. El trabajo se destina principalmente a los barrios&#xd;
obsoletos de las ciudades europeas, en los que se acumulan no sólo problemas de habitabilidad e&#xd;
ineficiencia energética de las edificaciones, sino también problemas de carácter social y económico. De ahí&#xd;
la búsqueda de indicadores y criterios desde esta triple perspectiva. Los resultados obtenidos hasta el&#xd;
momento muestran la interacción entre unos y otros campos. Por ejemplo, un indicador necesario, como el&#xd;
de la densidad residencial mínima que se desarrolla detalladamente en este texto, no solamente está&#xd;
relacionado con aspectos medioambientales, sino que tiene repercusiones sociales y económicas.</subfield>
   </datafield>
   <datafield ind2=" " ind1=" " tag="520">
      <subfield code="a">The goal of this research is the development of a matrix of indicators and criteria of social, environmental and economic  sustainability. The matrix is aimed to be applied in the evaluation of urban regeneration projects as well as in the evaluation of future projects of city&#xd;
interventions. The results of this research&#xd;
are to be used specifically with projects in&#xd;
obsolete neighborhoods in European cities,&#xd;
where not only habitability and energy inefficiency problems occur, but also&#xd;
problems of social and economic nature.&#xd;
As consequence the indicators and criteria&#xd;
are investigated under consideration of&#xd;
all three perspectives. The results already&#xd;
obtained show the connection of these three&#xd;
fields. &#xd;
For example an important indicator, which&#xd;
is described in detail in this text, is the&#xd;
minimum residential density: This indicator&#xd;
is not only related to environmental aspects,&#xd;
but it also has social and economic &#xd;
repercussions.</subfield>
   </datafield>
   <datafield ind2=" " ind1=" " tag="520">
      <subfield code="a">Peer Reviewed</subfield>
   </datafield>
   <datafield tag="653" ind2=" " ind1=" ">
      <subfield code="a">Àrees temàtiques de la UPC::Urbanisme::Aspectes socials</subfield>
   </datafield>
   <datafield tag="653" ind2=" " ind1=" ">
      <subfield code="a">Sociology, Urban</subfield>
   </datafield>
   <datafield tag="653" ind2=" " ind1=" ">
      <subfield code="a">Urban renewal</subfield>
   </datafield>
   <datafield tag="653" ind2=" " ind1=" ">
      <subfield code="a">Sustainable development</subfield>
   </datafield>
   <datafield tag="653" ind2=" " ind1=" ">
      <subfield code="a">Criterios</subfield>
   </datafield>
   <datafield tag="653" ind2=" " ind1=" ">
      <subfield code="a">Indicadores</subfield>
   </datafield>
   <datafield tag="653" ind2=" " ind1=" ">
      <subfield code="a">Sostenibilidad</subfield>
   </datafield>
   <datafield tag="653" ind2=" " ind1=" ">
      <subfield code="a">Regeneración urbana</subfield>
   </datafield>
   <datafield tag="653" ind2=" " ind1=" ">
      <subfield code="a">Criteria</subfield>
   </datafield>
   <datafield tag="653" ind2=" " ind1=" ">
      <subfield code="a">Indicators</subfield>
   </datafield>
   <datafield tag="653" ind2=" " ind1=" ">
      <subfield code="a">Sustainability</subfield>
   </datafield>
   <datafield tag="653" ind2=" " ind1=" ">
      <subfield code="a">Urban regeneration</subfield>
   </datafield>
   <datafield tag="653" ind2=" " ind1=" ">
      <subfield code="a">Sociologia urbana</subfield>
   </datafield>
   <datafield tag="653" ind2=" " ind1=" ">
      <subfield code="a">Rehabilitació urbana</subfield>
   </datafield>
   <datafield tag="653" ind2=" " ind1=" ">
      <subfield code="a">Desenvolupament sostenible</subfield>
   </datafield>
   <datafield ind2="0" ind1="0" tag="245">
      <subfield code="a">Barrios y sostenibilidad: la aplicación de criterios sociales, medioambientales y económicos en el diseño y evaluación de procesos de regeneración urbana sostenible.</subfield>
   </datafield>
</record></metadata></record></GetRecord></OAI-PMH>